00567nmm a2200169Ia 4500008004100000020001500041041000800056100001500064245010100079264007800180300001800258490002500276650001400301700001500315700001800330856004900348251105s9999||||xx |||||||||||||||||und|| a8479088311 aspa aCoffey, A. 0aEncontrar el sentido a los datos cualitativos :b Estrategias complementarias de investigación a[Madrid, España] :bPublicaciones de la Universidad de Alicante, c2005 a264 páginas aCiencias de la Salud aSociology aCoffey, A.1 a Atkinson, P. uhttps://public.digitaliapublishing.com/a/626